000 00517nam a2200193Ia 4500
003 GCL
008 140319s9999 xx 000 0 eng d
040 _aGCL /
_cGCL
082 0 4 _a670.427
_bC M
100 1 _aCOHEN, MORIS A
245 1 0 _aMANUFACTURING AUTOMATION /
_cCOHEN, MORIS A
700 1 _aAPTE, MDAY M.
260 _a[S.N] :
_bIRWIN ،
_c1997
300 _a270 P
650 0 4 _aالادب السويسرى
650 0 4 _aTECHNOLOGICAL INNOVATIONS
650 0 4 _aMANUFACTURING PROCESSES
942 _2ddc
_cBK
999 _c15861
_d15861